000 00296nam a22001337a 4500
008 170630b xxu||||| |||| 00| 0 eng d
020 _a0486245225
041 _aeng
080 _a82
100 _a22
101 _aGJL
245 _aETHICAL WRITINGS OF MAIMONIDES
_cWEISS, R.L
942 _2udc
_cBK
999 _c19740
_d19740